000 00306nam a2200121Ia 4500
008 231106s2009 xx 000 0 und d
041 _aeng
082 _a758.4
100 _aDAVID WEBB
245 _aSTILL LIFE IN WATERCOLOUR STEP BY STEP LEISURE ARTS 27
260 _bSEARCH PRESS
_c2009
300 _aP-48
999 _c920473
_d920473